[Event "ch-Commonwealth 2012"]
[Site "Chennai IND"]
[Date "2012.11.27"]
[Round "7"]
[White "Lalith, Babu M.R."]
[Black "Tiviakov, Sergei"]
[Result "1/2-1/2"]
[WhiteTitle "GM"]
[BlackTitle "GM"]
[WhiteElo "2528"]
[BlackElo "2659"]
[WhiteFideId "5024595"]
[BlackFideId "1008013"]
[EventDate "2012.11.23"]

1. d4 Nf6 2. c4 e6 3. g3 d5 4. Nf3 Bb4+ 5. Bd2 Be7 6. Bg2 c6 7. O-O b6 8. Qc2
O-O 9. cxd5 cxd5 10. Ne5 Nfd7 11. Nxd7 Qxd7 12. e4 Bb7 13. Nc3 dxe4 14. Bxe4 Nc6
15. Bxh7+ Kh8 16. Be4 Nxd4 17. Qd1 Bxe4 18. Nxe4 Qd5 19. Bc3 Rad8 20. Re1 Kg8
21. Qxd4 Qxd4 22. Bxd4 Rxd4 23. Rac1 Rfd8 24. Rc7 R8d7 25. Rxd7 Rxd7 26. Re2 f5 1/2-1/2

[Event "ch-Commonwealth 2012"]
[Site "Chennai IND"]
[Date "2012.11.27"]
[Round "7"]
[White "Adly, Ahmed"]
[Black "Ram, S. Krishnan"]
[Result "1-0"]
[WhiteTitle "GM"]
[WhiteElo "2607"]
[BlackElo "2269"]
[WhiteFideId "10601619"]
[BlackFideId "5010519"]
[EventDate "2012.11.23"]

1. Nf3 Nf6 2. g3 d5 3. Bg2 Bf5 4. c4 c6 5. cxd5 cxd5 6. O-O Nc6 7. d3 e5 8. Bg5
Be7 9. Nc3 d4 10. Na4 Be6 11. Bxf6 gxf6 12. Rc1 O-O 13. Nc5 Bxc5 14. Rxc5 Qb6
15. Qc1 Rfc8 16. Nd2 Ne7 17. Ne4 Rxc5 18. Qxc5 Qxc5 19. Nxc5 Bd5 20. e3 dxe3 21.
fxe3 Bxg2 22. Kxg2 Nd5 23. Kf3 Rc8 24. Nxb7 Rb8 25. Nd6 Rxb2 26. Rc1 h5 27. Ke4
Ne7 28. Rc7 Kf8 29. Rxa7 Rxh2 30. Ra8+ Kg7 31. Re8 Ng6 32. Nf5+ Kh7 33. Ra8 h4
34. Ra7 hxg3 35. Rxf7+ Kh8 36. Rxf6 Kh7 37. Rf7+ Kh8 38. Rg7 Nf8 39. Rxg3 Nd7
40. Kd5 Rd2 41. Ke6 Rxd3 42. Kf7 1-0

[Event "ch-Commonwealth 2012"]
[Site "Chennai IND"]
[Date "2012.11.27"]
[Round "7"]
[White "Venkatesh, M.R."]
[Black "Oleksienko, Mikhailo"]
[Result "1/2-1/2"]
[WhiteTitle "GM"]
[BlackTitle "GM"]
[WhiteElo "2520"]
[BlackElo "2551"]
[WhiteFideId "5005779"]
[BlackFideId "4152417"]
[EventDate "2012.11.23"]

1. Nf3 c5 2. c4 Nc6 3. Nc3 e5 4. g3 g6 5. Bg2 Bg7 6. a3 a5 7. d3 Nge7 8. Nd2 d6
9. Nf1 Rb8 10. Ne3 Nd4 11. Ned5 Nxd5 12. Nxd5 Bg4 13. Nc3 Qd7 14. h3 Be6 15. e3
Nc6 16. Qa4 O-O 17. Rb1 Bf5 18. Ne4 h6 19. Bd2 Ra8 20. Qc2 a4 21. Nc3 Ne7 22. b4
axb3 23. Rxb3 Ra7 24. h4 Be6 25. O-O f5 26. Rfb1 Rb8 27. Rb6 Nc8 28. R6b3 Ne7
29. Rb6 Nc8 1/2-1/2

[Event "ch-Commonwealth 2012"]
[Site "Chennai IND"]
[Date "2012.11.27"]
[Round "7"]
[White "Lintchevski, Daniil"]
[Black "Tania, Sachdev"]
[Result "1/2-1/2"]
[WhiteTitle "GM"]
[BlackTitle "IM"]
[WhiteElo "2555"]
[BlackElo "2400"]
[WhiteFideId "4171055"]
[BlackFideId "5007844"]
[EventDate "2012.11.23"]

1. c4 Nf6 2. Nf3 e6 3. g3 d5 4. Bg2 dxc4 5. Qa4+ c6 6. Qxc4 b5 7. Qc2 Bb7 8. O-O
c5 9. a4 a6 10. axb5 axb5 11. Rxa8 Bxa8 12. Na3 b4 13. Nc4 Be7 14. d3 O-O 15.
Bd2 Nc6 16. Ra1 Bb7 17. Qa4 Qa8 18. Nfe5 Nxe5 19. Bxb7 Qxb7 20. Nxe5 Qd5 21. Bf4
Bd6 22. e4 Qb7 23. Nd7 Nxd7 24. Bxd6 Rc8 25. Qa6 Qxa6 26. Rxa6 f6 27. b3 Kf7 28.
Ra7 Ke8 29. f4 e5 30. fxe5 fxe5 31. Bc7 c4 32. dxc4 Nc5 33. Bxe5 Nxb3 34. Bd6
Rxc4 35. e5 Nd4 36. Rxg7 b3 37. Rb7 Rc2 38. e6 Nf3+ 39. Kf1 Nxh2+ 40. Ke1 Nf3+
41. Kf1 Nh2+ 42. Ke1 Nf3+ 43. Kf1 Nh2+ 1/2-1/2

[Event "ch-Commonwealth 2012"]
[Site "Chennai IND"]
[Date "2012.11.27"]
[Round "7"]
[White "Nitin, S."]
[Black "Dzhumaev, Marat"]
[Result "1/2-1/2"]
[WhiteTitle "IM"]
[BlackTitle "GM"]
[WhiteElo "2398"]
[BlackElo "2530"]
[WhiteFideId "5018277"]
[BlackFideId "14200236"]
[EventDate "2012.11.23"]

1. e4 e6 2. d4 d5 3. Nc3 Nf6 4. Bg5 Be7 5. e5 Nfd7 6. h4 Nc6 7. Qd2 h6 8. Bxe7
Qxe7 9. Nf3 Nb6 10. a4 a6 11. h5 O-O 12. Bd3 Bd7 13. a5 Nc4 14. Bxc4 dxc4 15.
Ne4 Nb4 16. Nf6+ gxf6 17. exf6 Nxc2+ 18. Qxc2 Qxf6 19. Ne5 Bc6 20. Ra3 Kh8 21.
Rhh3 Rad8 22. Qd2 Bxg2 23. Rhg3 Be4 24. Qe3 Bf5 25. Rc3 c5 26. dxc5 Rd5 27. Nxc4
Kh7 28. Kf1 Qh4 29. Qf3 Be4 30. Qg4 Qxg4 31. Rxg4 Bf5 32. Rf4 Rxc5 33. Nd6 Rxa5
34. Rc7 Kg7 35. Nxf5+ exf5 36. Rxb7 Kf6 37. Rf3 Re8 38. Rc3 Re6 39. f4 Ra4 40.
b4 Ra1+ 41. Kf2 Ra2+ 42. Kg3 Kg7 43. b5 a5 44. Ra7 a4 45. Kf3 Rd6 46. Ke3 Re6+
47. Kf3 Rd6 48. Ke3 Kf6 49. Ra6 Re6+ 50. Kd4 Rf2 51. Kc5 Rxf4 52. Rxe6+ fxe6 53.
b6 Rf1 54. Rc4 a3 55. b7 a2 56. b8=Q a1=Q 57. Qd8+ Kf7 58. Qd7+ Kf8 59. Qd8+ Kf7
60. Qd7+ Kf6 61. Qd8+ Kf7 62. Qd7+ Kf6 1/2-1/2

[Event "ch-Commonwealth 2012"]
[Site "Chennai IND"]
[Date "2012.11.27"]
[Round "7"]
[White "Ravichandran, Siddharth"]
[Black "Grover, Sahaj"]
[Result "1/2-1/2"]
[WhiteTitle "IM"]
[BlackTitle "GM"]
[WhiteElo "2381"]
[BlackElo "2509"]
[WhiteFideId "5010535"]
[BlackFideId "5021103"]
[EventDate "2012.11.23"]

1. e4 e6 2. d4 d5 3. Nc3 Bb4 4. exd5 exd5 5. Qf3 Qe7+ 6. Ne2 Nf6 7. Bg5 Qe4 8.
Bxf6 Qxf3 9. gxf3 gxf6 10. a3 Bxc3+ 11. Nxc3 Be6 12. Bd3 Nc6 13. Ne2 Ne7 14. Nf4
Ng6 15. Nh5 Nh4 16. Ke2 Ke7 17. Rhg1 Rag8 18. Rg3 Rg5 19. Nf4 Nf5 20. Bxf5 Rxf5
21. Ng2 Kd6 22. c3 Bd7 23. Kd2 b6 24. h4 c5 25. Ne3 Rf4 26. Ng2 1/2-1/2

[Event "ch-Commonwealth 2012"]
[Site "Chennai IND"]
[Date "2012.11.27"]
[Round "7"]
[White "Mohota, Nisha"]
[Black "Shyam, Sundar M."]
[Result "0-1"]
[WhiteTitle "IM"]
[BlackTitle "IM"]
[WhiteElo "2342"]
[BlackElo "2484"]
[WhiteFideId "5004330"]
[BlackFideId "5019141"]
[EventDate "2012.11.23"]

1. d4 d5 2. c4 c6 3. Nc3 Nf6 4. cxd5 cxd5 5. Bf4 Nc6 6. e3 e6 7. Nf3 Bd6 8. Bxd6
Qxd6 9. Bd3 O-O 10. O-O Bd7 11. Rc1 Rfc8 12. h3 Be8 13. a3 a6 14. b4 Rc7 15. Qb3
Rac8 16. Ne2 Na7 17. Ne5 Bb5 18. a4 Bxd3 19. Nxd3 Ne4 20. Qb2 Qd7 21. f3 Nd6 22.
Nc5 Qe8 23. Qb3 Nc4 24. Rfd1 Nc6 25. e4 a5 26. bxa5 N6xa5 27. Qb4 Qe7 28. Qe1
dxe4 29. fxe4 e5 30. Nd3 Nb3 31. Rxc4 Rxc4 32. Nxe5 Rxa4 33. Qg3 Ra3 34. Rd3 Nc1
35. Nxc1 Rxc1+ 36. Kh2 Rxd3 37. Nxd3 Rc8 38. e5 Rd8 39. Nf4 f6 0-1

[Event "ch-Commonwealth 2012"]
[Site "Chennai IND"]
[Date "2012.11.27"]
[Round "7"]
[White "Rathnakaran, K."]
[Black "Das, Sayantan"]
[Result "1-0"]
[WhiteTitle "IM"]
[BlackTitle "FM"]
[WhiteElo "2430"]
[BlackElo "2339"]
[WhiteFideId "5005507"]
[BlackFideId "5034426"]
[EventDate "2012.11.23"]

1. e4 c5 2. Nf3 e6 3. d3 Nc6 4. g3 g6 5. Bg2 Bg7 6. O-O Nge7 7. Nbd2 O-O 8. Rb1
d5 9. a3 a5 10. Re1 a4 11. h4 b5 12. h5 b4 13. Nf1 Ba6 14. hxg6 hxg6 15. Ng5 Nd4
16. c3 Nb3 17. Qg4 Bxd3 18. Qh4 Re8 19. Bf4 Nc6 20. exd5 e5 21. dxc6 Bxb1 22.
Bxe5 Rxe5 23. Rxe5 bxa3 24. bxa3 Qc7 25. Rd5 Bf5 26. Ne3 Bc8 27. Rd1 Ra6 28. Nd5
Qd6 29. Ne4 1-0

[Event "ch-Commonwealth 2012"]
[Site "Chennai IND"]
[Date "2012.11.27"]
[Round "7"]
[White "Padmini, Rout"]
[Black "Arun Prasad, S."]
[Result "1/2-1/2"]
[WhiteTitle "WGM"]
[BlackTitle "GM"]
[WhiteElo "2326"]
[BlackElo "2513"]
[WhiteFideId "5029295"]
[BlackFideId "5011167"]
[EventDate "2012.11.23"]

1. e4 c6 2. d4 d5 3. e5 Bf5 4. Nf3 e6 5. Be2 Nd7 6. O-O Nh6 7. b3 Be7 8. Bb2 O-O
9. Nbd2 f6 10. c4 fxe5 11. dxe5 c5 12. cxd5 exd5 13. h3 Be6 14. Bd3 Qb6 15. Qc2
Bf5 16. Bxf5 Rxf5 17. Rae1 Qe6 18. Re2 Raf8 19. Qd3 Nf7 20. Rd1 Nfxe5 21. Nxe5
Nxe5 22. Bxe5 Rxe5 23. Rxe5 Qxe5 24. Nf3 Qd6 25. Qxd5+ Qxd5 26. Rxd5 Rd8 27.
Rxd8+ Bxd8 28. Nd2 Kf7 29. Ne4 Be7 30. f4 Ke6 31. Kf2 Kd5 32. Ke3 c4 33. g4 b5
34. bxc4+ Kxc4 35. g5 Kd5 36. Kd3 b4 37. f5 Ke5 38. f6 gxf6 39. Nxf6 Bxf6 40.
gxf6 Kxf6 41. Kc4 Kg5 42. Kxb4 Kh4 43. Ka5 Kxh3 44. Ka6 Kg4 45. a4 h5 46. a5 h4
47. Kxa7 h3 48. a6 h2 49. Kb8 h1=Q 50. a7 Qb1+ 51. Kc7 Qe4 52. Kb8 Qb4+ 53. Ka8
Qc5 54. Kb7 Qb5+ 55. Kc7 Qa6 56. Kb8 Qb6+ 57. Ka8 1/2-1/2

[Event "ch-Commonwealth 2012"]
[Site "Chennai IND"]
[Date "2012.11.27"]
[Round "7"]
[White "Ikeda, Junta"]
[Black "Deepan, Chakkravarthy J."]
[Result "1-0"]
[WhiteTitle "FM"]
[BlackTitle "GM"]
[WhiteElo "2304"]
[BlackElo "2500"]
[WhiteFideId "3204731"]
[BlackFideId "5011132"]
[EventDate "2012.11.23"]

1. d4 Nf6 2. Nf3 g6 3. g3 Bg7 4. Bg2 O-O 5. O-O d5 6. c4 c6 7. Qb3 Qb6 8. Qa3
Bg4 9. e3 e6 10. Ne5 Nbd7 11. Nxg4 Nxg4 12. Nc3 a5 13. Qa4 Qb4 14. Qd1 Ngf6 15.
c5 a4 16. Bd2 Qc4 17. Re1 Qa6 18. Bf1 Qa7 19. b3 b6 20. b4 Rfc8 21. a3 h5 22.
Rc1 Nh7 23. h3 bxc5 24. bxc5 e5 25. Ne2 Ng5 26. Bg2 Ne6 27. Bb4 f5 28. g4 h4 29.
gxf5 gxf5 30. dxe5 Nxe5 31. f4 Ng6 32. Bf3 Kh7 33. Kh1 Rg8 34. Rg1 Kh6 35. Qd3
Qf7 36. Rg2 Ne7 37. Rcg1 Bh8 38. Qd1 Rxg2 39. Rxg2 Bf6 40. Qc2 Ng7 41. Bc3 Ne6
42. Qb2 Bxc3 43. Qxc3 Kh7 44. Qe5 Rg8 45. Rxg8 Nxg8 46. Nd4 Nxc5 47. Nxc6 Ne4
48. Bxe4 dxe4 49. Nd4 Nh6 50. Ne6 Qb7 51. Ng5+ Kg6 52. Qd6+ Kh5 53. Qd1+ Kg6 54.
Qxa4 1-0

[Event "ch-Commonwealth 2012"]
[Site "Chennai IND"]
[Date "2012.11.27"]
[Round "7"]
[White "Neelotpal, Das"]
[Black "Deepak, Katiyar"]
[Result "1/2-1/2"]
[WhiteTitle "GM"]
[WhiteElo "2467"]
[BlackElo "2244"]
[WhiteFideId "5003512"]
[BlackFideId "5026792"]
[EventDate "2012.11.23"]

1. d4 Nf6 2. Nf3 e6 3. c4 b6 4. g3 Ba6 5. Qa4 Bb7 6. Bg2 c5 7. dxc5 Bxc5 8. O-O
O-O 9. Nc3 Be7 10. Bf4 Na6 11. Rfd1 Qc8 12. Rac1 Nc5 13. Qc2 Nce4 14. Nxe4 Bxe4
15. Qb3 Rd8 16. Bf1 d6 17. Nd2 Bc6 18. Qa3 Qb7 19. b4 d5 20. Qb2 dxc4 21. Nxc4
Rxd1 22. Rxd1 Bd5 23. Ne5 Bd6 24. f3 Qe7 25. e4 Bb7 26. Nc6 Bxc6 27. Bxd6 Qd7
28. b5 Bb7 29. Rd2 Rd8 30. Bf4 Qe7 31. Rxd8+ Qxd8 32. Qa3 h6 33. Qd6 Nd7 34. Kf2
Qc8 35. Qc7 Qxc7 36. Bxc7 Kf8 37. Ke3 Ke7 38. Kd4 f6 39. f4 Nc5 40. e5 Nd7 41.
Bc4 f5 42. Bd6+ Kf7 43. g4 g6 44. gxf5 gxf5 45. Bb3 Ba8 46. a4 Be4 47. Kc3 Bg2
48. Kb4 Bf3 49. a5 Bg2 50. Bd1 Kg6 51. Be2 Bd5 52. Bd1 Bg2 53. Be2 Bd5 54. Bc7
Be4 55. Bd6 Bd5 56. Bd1 1/2-1/2

[Event "ch-Commonwealth 2012"]
[Site "Chennai IND"]
[Date "2012.11.27"]
[Round "7"]
[White "Meenakshi Subbaraman"]
[Black "Laxman, R.R."]
[Result "0-1"]
[WhiteTitle "WGM"]
[BlackTitle "GM"]
[WhiteElo "2296"]
[BlackElo "2461"]
[WhiteFideId "5004381"]
[BlackFideId "5005361"]
[EventDate "2012.11.23"]

1. d4 d5 2. c4 e6 3. Nc3 Bb4 4. cxd5 exd5 5. Qc2 Nf6 6. Bg5 Nbd7 7. a3 Bxc3+ 8.
Qxc3 O-O 9. e3 Re8 10. Nf3 c6 11. Bd3 Nf8 12. O-O Ng6 13. b4 a6 14. a4 h6 15.
Bxf6 Qxf6 16. Bxg6 Qxg6 17. Kh1 Bf5 18. Rfc1 Be4 19. Ne1 h5 20. Qc5 h4 21. h3
Qe6 22. Kg1 Qd7 23. Ra3 Re6 24. Kh2 Rae8 25. Nd3 Rf6 26. Rf1 Qf5 27. Ne1 g5 28.
f3 Qd7 29. Kg1 Bg6 30. Nd3 Bxd3 31. Rxd3 Qf5 32. Rb3 Rfe6 33. Re1 b5 34. a5 Qg6
35. Qc1 f5 36. Rf1 Qf6 37. Rc3 f4 38. exf4 gxf4 39. Rd1 Kg7 40. Rc2 Qg6 41. Rf2
Re3 42. Qc5 Re1+ 43. Rxe1 Rxe1+ 44. Rf1 Re2 45. Rf2 Qb1+ 46. Kh2 Re6 47. Qa7+
Kg6 48. Qb8 Qxb4 49. Qxf4 Qxa5 50. Qxh4 Qc7+ 51. f4 Kg7 52. g4 Qe7 53. Qxe7+
Rxe7 54. f5 Rb7 55. g5 b4 56. h4 b3 57. f6+ Kf8 58. Rb2 Kf7 59. Kg3 a5 60. Kg4
a4 61. Kf5 a3 62. g6+ Kf8 63. g7+ Kf7 64. Rg2 Rb8 65. Re2 b2 66. Re7+ Kg8 67.
Re1 b1=Q+ 68. Rxb1 Rxb1 69. h5 Rf1+ 70. Ke6 a2 0-1

[Event "ch-Commonwealth 2012"]
[Site "Chennai IND"]
[Date "2012.11.27"]
[Round "7"]
[White "Nolte, Rolando"]
[Black "Prince, Bajaj"]
[Result "1-0"]
[WhiteTitle "IM"]
[BlackTitle "CM"]
[WhiteElo "2445"]
[BlackElo "2263"]
[WhiteFideId "5200636"]
[BlackFideId "5045150"]
[EventDate "2012.11.23"]

1. e4 c5 2. Nf3 e6 3. d3 Nc6 4. g3 d5 5. Nbd2 Nf6 6. Bg2 Bd6 7. O-O O-O 8. Re1
Bc7 9. c3 b6 10. e5 Nd7 11. d4 f6 12. Bh3 fxe5 13. Bxe6+ Kh8 14. Bxd5 Bb7 15.
dxe5 Ndxe5 16. Rxe5 Bxe5 17. Bxc6 Bxc6 18. Nxe5 Bb7 19. Qh5 Qf6 20. f4 Rad8 21.
Nf1 Rd5 22. Bd2 g5 23. Re1 gxf4 24. Bxf4 Kg8 25. Ne3 Rd2 26. N5g4 Re8 27. Qxe8+ 1-0

[Event "ch-Commonwealth 2012"]
[Site "Chennai IND"]
[Date "2012.11.27"]
[Round "7"]
[White "Soumya, Swaminathan"]
[Black "Narayanan, Srinath"]
[Result "0-1"]
[WhiteTitle "WGM"]
[BlackTitle "IM"]
[WhiteElo "2251"]
[BlackElo "2438"]
[WhiteFideId "5016193"]
[BlackFideId "5018420"]
[EventDate "2012.11.23"]

1. e4 c5 2. Nf3 d6 3. d4 cxd4 4. Nxd4 Nf6 5. Nc3 e6 6. Be3 a6 7. f3 b5 8. Qd2
Nbd7 9. g4 h6 10. O-O-O b4 11. Nce2 Qc7 12. Ng3 d5 13. exd5 Nxd5 14. Ne4 Nxe3
15. Qxe3 Be7 16. Bg2 Bb7 17. Kb1 Rc8 18. f4 Nb6 19. Rhf1 O-O 20. Qf2 Nc4 21. g5
Rfd8 22. g6 Bxe4 23. gxf7+ Kxf7 24. Bxe4 Bf6 25. f5 Qe5 26. fxe6+ Ke7 27. Nf5+
Kxe6 28. Nd4+ Rxd4 29. Bf5+ Kd6 30. Bxc8 Rxd1+ 31. Rxd1+ Kc7 32. Qa7+ Kxc8 33.
Qa8+ Kc7 34. Qa7+ Kc6 35. Qxa6+ Nb6 36. c3 bxc3 37. bxc3 Qc5 38. Qd3 Bxc3 39.
Qf3+ Kb5 40. Qd3+ Ka5 41. Rc1 Nd5 42. a3 Ka4 43. Ka2 0-1

[Event "ch-Commonwealth 2012"]
[Site "Chennai IND"]
[Date "2012.11.27"]
[Round "7"]
[White "Sundararajan, Kidambi"]
[Black "Ramakrishna, J."]
[Result "1/2-1/2"]
[WhiteTitle "GM"]
[BlackTitle "FM"]
[WhiteElo "2434"]
[BlackElo "2224"]
[WhiteFideId "5005370"]
[BlackFideId "5008174"]
[EventDate "2012.11.23"]

1. d4 g6 2. e4 Bg7 3. Nf3 d6 4. c3 Nf6 5. Bd3 O-O 6. O-O c5 7. dxc5 dxc5 8. Qe2
Nc6 9. Be3 Bg4 10. Nbd2 Ne5 11. Bc2 Qc8 12. h3 Nxf3+ 13. Nxf3 Bxf3 14. Qxf3 Qc6
15. Rfe1 Rad8 16. e5 Qxf3 17. gxf3 Nd7 18. f4 b6 19. Rad1 Nb8 20. Be4 Na6 21.
Kg2 Nc7 22. h4 f6 23. exf6 Bxf6 24. h5 gxh5 25. f5 Kh8 26. Bf4 Nb5 27. Bd5 Nd6
28. Bh6 Rfe8 29. Be6 Bg7 30. Bg5 Bf6 31. Bh6 Bg7 32. Bc1 h4 33. Bg5 Bf6 34. f4
Kg7 35. Kh3 h6 36. Bxh4 Bxh4 37. Kxh4 Kf6 38. Rd5 h5 39. c4 Rh8 40. a3 Rh7 41.
Rg1 Rg7 42. Rg5 Rh8 43. b3 a5 44. a4 Ne4 45. Rxg7 Kxg7 46. Rd1 Nf6 47. Rd2 Kf8
48. Rd8+ Kg7 49. Rxh8 Kxh8 50. Bf7 Kg7 51. Bxh5 Ne4 52. Bf3 Nd2 53. Bd1 Kf6 54.
Kg4 Ne4 55. Bc2 Nd6 56. Bd3 Nf7 57. Kh5 Nd8 58. Be4 Nf7 59. Bd3 Nd6 60. Kg4 Ne8
61. Kf3 Nd6 62. Kg4 Ne8 63. Kf3 Nd6 1/2-1/2

[Event "ch-Commonwealth 2012"]
[Site "Chennai IND"]
[Date "2012.11.27"]
[Round "7"]
[White "Swayams, Mishra"]
[Black "Kumaran, B"]
[Result "1/2-1/2"]
[WhiteTitle "IM"]
[WhiteElo "2423"]
[BlackElo "2197"]
[WhiteFideId "5028183"]
[BlackFideId "5038472"]
[EventDate "2012.11.23"]

1. d4 Nf6 2. c4 e6 3. Nc3 Bb4 4. e3 c5 5. Ne2 b6 6. a3 Bxc3+ 7. Nxc3 O-O 8. Be2
Bb7 9. d5 b5 10. Qb3 exd5 11. Qxb5 Bc6 12. Qxc5 dxc4 13. O-O d5 14. Rd1 Qc8 15.
e4 Nbd7 16. Qd4 dxe4 17. Bxc4 Nb6 18. Bg5 Rd8 19. Qxd8+ Qxd8 20. Rxd8+ Rxd8 21.
Bb3 Rd6 22. h3 Nfd7 23. Re1 Rg6 24. Be3 Kf8 25. Rd1 Ke7 26. Ne2 a5 27. Nf4 Rg5
28. Ne6 Rb5 29. Nd4 Rxb3 30. Nxb3 Ba4 31. Rxd7+ Kxd7 32. Nxa5 Nd5 33. b3 Bb5 34.
Nb7 f5 35. Nc5+ Kd6 36. b4 f4 37. Bd4 e3 38. fxe3 fxe3 39. g3 g6 40. Kg2 e2 41.
Ne4+ Kc6 42. Kf2 Bd3 43. Nc5 Bc4 44. Ke1 g5 45. Ne4 h6 46. Kd2 Nxb4 47. axb4 Kd5
48. Nxg5 hxg5 49. Bf2 Ke4 50. Be1 Be6 51. h4 gxh4 52. gxh4 Bg4 53. Kc3 Be6 54.
b5 Kd5 55. Kb4 Bf5 56. Ka5 Bd3 57. Kb6 Kd6 58. Bg3+ Kd5 59. Bf2 Kd6 60. Be1 Kd5
61. Bg3 Bc4 62. Ka5 Bd3 63. Bf2 Bc4 64. Kb4 Bd3 65. Bg3 Bg6 66. Be1 Bd3 67. Bf2
Bg6 68. Kc3 e1=Q+ 1/2-1/2

[Event "ch-Commonwealth 2012"]
[Site "Chennai IND"]
[Date "2012.11.27"]
[Round "7"]
[White "Navin, Kanna"]
[Black "Anilkumar, O.T."]
[Result "1-0"]
[WhiteElo "2402"]
[BlackElo "2173"]
[WhiteFideId "5015294"]
[BlackFideId "5017530"]
[EventDate "2012.11.23"]

1. e4 e6 2. d4 d5 3. Nd2 f5 4. e5 c5 5. c3 Nc6 6. Ne2 Nh6 7. Nf3 Nf7 8. h4 Be7
9. g3 Bd7 10. Bg2 b5 11. Nf4 b4 12. O-O O-O 13. c4 dxc4 14. d5 exd5 15. Qxd5 Be8
16. Qxc4 Na5 17. Qc2 Bb5 18. Rd1 Qc8 19. e6 Nd8 20. Ne5 Nac6 21. Nd5 Re8 22.
Nxc6 Nxc6 23. Qxf5 Rf8 24. Qe4 Rb8 25. Bf4 Rb7 26. Rac1 Rd8 27. Nxe7+ Rxe7 28.
Rxd8+ Nxd8 29. Qxb4 Ba6 30. Rxc5 1-0

[Event "ch-Commonwealth 2012"]
[Site "Chennai IND"]
[Date "2012.11.27"]
[Round "7"]
[White "Vignesh, NR"]
[Black "Vijayalakshmi, Subbaraman"]
[Result "0-1"]
[BlackTitle "IM"]
[WhiteElo "2230"]
[BlackElo "2400"]
[WhiteFideId "25012215"]
[BlackFideId "5004098"]
[EventDate "2012.11.23"]

1. e4 e5 2. Nf3 Nc6 3. Bc4 Bc5 4. c3 Nf6 5. d3 d6 6. h3 a6 7. Bb3 Ba7 8. Nbd2
Ne7 9. d4 Ng6 10. O-O Qe7 11. Re1 Bd7 12. Nf1 O-O-O 13. Ng3 h6 14. Be3 Bb8 15.
Qc2 Nh7 16. d5 Nf4 17. c4 Ng5 18. Nxg5 hxg5 19. c5 dxc5 20. Bxc5 Qf6 21. f3 Bxh3
22. gxh3 Rxh3 23. Bf2 Rdh8 24. Kf1 Rxg3 0-1

[Event "ch-Commonwealth 2012"]
[Site "Chennai IND"]
[Date "2012.11.27"]
[Round "7"]
[White "Saranya, J"]
[Black "Garcia, Jan Emmanuel"]
[Result "0-1"]
[WhiteTitle "WFM"]
[BlackTitle "IM"]
[WhiteElo "2166"]
[BlackElo "2394"]
[WhiteFideId "5031931"]
[BlackFideId "5200750"]
[EventDate "2012.11.23"]

1. e4 e6 2. Nf3 d5 3. Nc3 d4 4. Ne2 c5 5. Ng3 Nc6 6. a4 Qc7 7. Bc4 g6 8. d3 Bg7
9. Nd2 Nge7 10. Nb3 Ne5 11. Bb5+ Kd8 12. f4 a6 13. Bc4 Nxc4 14. dxc4 Bd7 15. Qd3
f5 16. Bd2 Ke8 17. c3 dxc3 18. Bxc3 Bxc3+ 19. Qxc3 Kf7 20. O-O a5 21. Rfe1 Rhe8
22. Qe3 b6 23. Nd2 Nc6 24. Nf3 Rad8 25. Ng5+ Kg8 26. Nh5 gxh5 27. Qg3 h4 28.
Qxh4 Bc8 29. Ra3 Re7 30. Rg3 Rg7 31. Nxh7 Rxg3 32. Nf6+ Kf8 33. hxg3 Qg7 34.
exf5 exf5 35. Nh5 Qg6 36. g4 fxg4 37. f5 Bxf5 38. Rf1 Kg8 39. Nf6+ Kg7 40. Nh5+
Kg8 41. Nf6+ Kf7 42. Nxg4 Kg7 43. Ne5 Nxe5 44. Qxd8 Nf7 45. Qe7 Qe6 46. Qh4 Qe4
47. Rf4 Qe3+ 48. Kh2 Qe5 49. Kg1 Bg6 50. Rf2 Qe1+ 51. Kh2 Qe5+ 52. Kg1 Qd6 53.
b3 Qd1+ 54. Kh2 Qh5 55. Kg3 Qg5+ 56. Qg4 Qe3+ 57. Qf3 Qg5+ 58. Qg4 Qxg4+ 59.
Kxg4 Ne5+ 60. Kg5 Nf7+ 61. Kg4 Kf8 62. Rf6 Bc2 63. Rxb6 Ke7 64. Kf4 Kd7 65. g4
Kc7 66. Re6 Nd8 67. Re3 Kd6 68. Rc3 Ne6+ 69. Kg3 Nd4 70. g5 Ne2+ 0-1

[Event "ch-Commonwealth 2012"]
[Site "Chennai IND"]
[Date "2012.11.27"]
[Round "7"]
[White "Krishna Teja, N"]
[Black "Senador, Emmanuel"]
[Result "1-0"]
[BlackTitle "IM"]
[WhiteElo "2061"]
[BlackElo "2352"]
[WhiteFideId "5001498"]
[BlackFideId "5200601"]
[EventDate "2012.11.23"]

1. Nf3 Nf6 2. c4 e6 3. e3 c5 4. Be2 d5 5. cxd5 exd5 6. d4 Nc6 7. O-O Be7 8. a3
O-O 9. dxc5 Bxc5 10. b4 Bb6 11. Bb2 Qe7 12. Nbd2 Bg4 13. Nb3 Rad8 14. Nfd4 Bd7
15. Nf3 Rfe8 16. Nbd4 Ne4 17. Rc1 Ne5 18. Nxe5 Qxe5 19. Ba1 Qd6 20. Qd3 Qg6 21.
Kh1 a6 22. Nf3 Bf5 23. Qd1 Qd6 24. Nd4 Bd7 25. Qd3 Bc7 26. f4 Bb8 27. Kg1 Qh6
28. Bf3 Nf6 29. Rce1 Ne4 30. Re2 Qg6 31. Ree1 h5 32. Qd1 Bg4 33. Nb3 b6 34. Bd4
Rc8 35. Bxg4 hxg4 36. g3 f5 37. Qd3 Rc4 38. Nd2 Nxd2 39. Qxd2 Qe6 40. Rc1 Rec8
41. Bb2 b5 42. Bd4 Qe4 43. Bc5 Kf7 44. Rfd1 Rd8 45. Qg2 Qxg2+ 46. Kxg2 Bc7 47.
h3 gxh3+ 48. Kxh3 Ke6 49. g4 g6 50. gxf5+ gxf5 51. Bd4 Rd7 52. Rg1 Rh7+ 53. Kg2
Bd8 54. Kf3 Kf7 55. Rh1 Bh4 56. Bb6 Ke6 57. Rxc4 dxc4 58. Bd8 Bxd8 59. Rxh7 a5
60. Rb7 axb4 61. axb4 c3 62. Ke2 Kd5 63. Kd3 Kc6 64. Rf7 Bb6 65. Re7 1-0

[Event "ch-Commonwealth 2012"]
[Site "Chennai IND"]
[Date "2012.11.28"]
[Round "8"]
[White "Tiviakov, Sergei"]
[Black "Rathnakaran, K."]
[Result "1-0"]
[WhiteTitle "GM"]
[BlackTitle "IM"]
[WhiteElo "2659"]
[BlackElo "2430"]
[WhiteFideId "1008013"]
[BlackFideId "5005507"]
[EventDate "2012.11.23"]

1. e4 e6 2. d4 d5 3. Nd2 Nf6 4. e5 Nfd7 5. c3 c5 6. Bd3 Nc6 7. Ne2 cxd4 8. cxd4
f6 9. exf6 Nxf6 10. O-O Bd6 11. Nf3 Qc7 12. Bg5 O-O 13. Rc1 a6 14. a3 Bd7 15.
Ng3 Rae8 16. Re1 Qb6 17. Ne5 Bc8 18. Bxf6 Rxf6 19. Bxh7+ Kf8 20. Ng6+ Kf7 21.
Qh5 Bxg3 22. hxg3 Qxd4 23. Nf4+ Kf8 24. Bg6 Rd8 25. Rcd1 Qxb2 26. Rxd5 Ke7 27.
Rxd8 Kxd8 28. Qh8+ Kc7 29. Qxg7+ Kb8 30. Be4 Qd4 31. Nd3 Qd8 32. Bxc6 bxc6 33.
Ne5 1-0